Gobernabilidad y fuerzas armadas

Saved in:
書目詳細資料
主要作者: Ferreira Vidigal, Armando (Author)
格式: 圖書
語言:西班牙语
出版: Santiago Comisión Sudamericana de Paz 1991
叢編:Documento de Estudio, 7
主題:
標簽: 添加標簽
沒有標簽, 成為第一個標記此記錄!

MARC

LEADER 00000nam a2200000 a 4500
001 UCX9104
003 CL-VaPUC
005 20201016001557.0
008 940516e19910000cl 1 spa d
082 0 4 |a 322.5  |b FER  |2 21 
100 1 |a Ferreira Vidigal, Armando  |e author  |9 616966 
245 1 0 |a Gobernabilidad y fuerzas armadas 
260 |a Santiago  |b Comisión Sudamericana de Paz  |c 1991 
300 |a 29 p 
490 0 |a Documento de Estudio, 7 
583 |a last modification  |c 19940516 00:00:00  |k Rodrigo Vera 
650 0 7 |a FUERZAS ARMADAS ACTIVIDAD POLITICA  |2 CL-VaPUC  |9 315811 
650 0 7 |a SEGURIDAD INTERIOR  |2 CL-VaPUC  |9 317794 
651 0 |a América Latina   |9 255027 
942 |c BK 
945 |a oaravena  |d 19940516 00:00:00 
546 |a En Español 
518 |p Seminario Gobernabilidad y Seguridad Democrática en América del Sur, Santiago, 16 al 18 de Agosto de 1990 
999 |c 382216  |d 382214 
952 |0 0  |1 0  |4 0  |6 322_500000000000000_FER_1991  |7 0  |8 A  |9 503790  |a BIBHIS  |b BIBHIS  |d 2020-01-23  |i 2977583  |o 322.5 FER 1991  |p 2977583  |r 2025-01-20  |w 2020-01-23  |y BK  |k HIS